Por primera o última vez (Record no. 10264)

MARC details
000 -LEADER
campo de control de longitud fija 00814nam a2200241 i 4500
001 - NÚMERO DE CONTROL
campo de control 10264
003 - IDENTIFICADOR DE NÚMERO DE CONTROL
campo de control ES-MaACL
005 - FECHA Y HORA DE LA ÚLTIMA TRANSACCIÓN
campo de control 20230906145843.0
008 - DATOS DE LONGITUD FIJA--INFORMACIÓN GENERAL
campo de control de longitud fija 950407s1994 sp l00110 spa d
020 ## - NÚMERO INTERNACIONAL ESTÁNDAR DEL LIBRO
Número Internacional Estándar del Libro 84-604-8775-X
080 ## - NÚMERO DE LA CLASIFICACIÓN DECIMAL UNIVERSAL
Número de la Clasificación Decimal Universal 791.44.071.1 Ray, Nicholas
100 1# - ENTRADA PRINCIPAL--NOMBRE DE PERSONA
Nombre de persona Ray, Nicholas.
9 (RLIN) 95619
245 10 - MENCIÓN DEL TÍTULO
Título Por primera o última vez
Resto del título : haciendo cine /
Mención de responsabilidad, etc. Nicholas Ray; textos reunidos por Susan Ray; traducción de María Álvarez Menéndez.
250 ## - MENCION DE EDICION
Mención de edición 1ª ed.
260 ## - PUBLICACIÓN, DISTRIBUCIÓN, ETC.
Lugar de publicación, distribución, etc. Oviedo :
Nombre del editor, distribuidor, etc. Ayuntamiento, Fundación de Cultura,
Fecha de publicación, distribución, etc. 1994.
300 ## - DESCRIPCIÓN FÍSICA
Extensión 368 p. ;
Dimensiones 22 cm.
504 ## - NOTA DE BIBLIOGRAFÍA, ETC.
Nota de bibliografía, etc. Filmografía : p. 351-368.
600 14 - PUNTO DE ACCESO ADICIONAL DE MATERIA--NOMBRE DE PERSONA
Nombre de persona Ray, Nicholas.
9 (RLIN) 95619
700 1# - ENTRADA AGREGADA--NOMBRE PERSONAL
Nombre de persona Ray, Susan.
9 (RLIN) 95622
700 1# - ENTRADA AGREGADA--NOMBRE PERSONAL
Nombre de persona Alvarez Menéndez, María.
9 (RLIN) 20881
710 1# - ENTRADA AGREGADA--NOMBRE DE ENTIDAD CORPORATIVA
Nombre de entidad corporativa o nombre de jurisdicción como elemento de entrada Oviedo.
Unidad subordinada Ayuntamiento.
9 (RLIN) 6084
852 ## - LOCALIZACIÓN
Ubicación ES-MaACL
Número de control de estantería L-17772
Holdings
Estatus retirado Estado de pérdida Estado de daño No para préstamo Biblioteca de origen Biblioteca actual Ubicación en estantería Fecha de adquisición Fuente de adquisición Total de préstamos Signatura topográfica completa Código de barras Visto por última vez Precio de reemplazo Tipo de ítem Koha
        Biblioteca del Ateneo de Madrid Biblioteca del Ateneo de Madrid Depósito 2 17/01/2008     L-17772 1010474 23/02/2023 23/02/2023 Libro impreso